<?xml version="1.0" encoding="UTF-8"?><?xml-stylesheet type="text/xsl" href="static/style.xsl"?><OAI-PMH xmlns="http://www.openarchives.org/OAI/2.0/" xmlns:xsi="http://www.w3.org/2001/XMLSchema-instance" xsi:schemaLocation="http://www.openarchives.org/OAI/2.0/ http://www.openarchives.org/OAI/2.0/OAI-PMH.xsd"><responseDate>2026-04-28T21:20:25Z</responseDate><request verb="GetRecord" identifier="oai:uvadoc.uva.es:10324/44751" metadataPrefix="marc">https://uvadoc.uva.es/oai/request</request><GetRecord><record><header><identifier>oai:uvadoc.uva.es:10324/44751</identifier><datestamp>2025-03-26T19:45:17Z</datestamp><setSpec>com_10324_5466</setSpec><setSpec>com_10324_5186</setSpec><setSpec>com_10324_29291</setSpec><setSpec>col_10324_44742</setSpec></header><metadata><record xmlns="http://www.loc.gov/MARC21/slim" xmlns:doc="http://www.lyncode.com/xoai" xmlns:xsi="http://www.w3.org/2001/XMLSchema-instance" xmlns:dcterms="http://purl.org/dc/terms/" xsi:schemaLocation="http://www.loc.gov/MARC21/slim http://www.loc.gov/standards/marcxml/schema/MARC21slim.xsd">
<leader>00925njm 22002777a 4500</leader>
<datafield tag="042" ind1=" " ind2=" ">
<subfield code="a">dc</subfield>
</datafield>
<datafield tag="720" ind1=" " ind2=" ">
<subfield code="a">Fernández Camacho, Pamina</subfield>
<subfield code="e">author</subfield>
</datafield>
<datafield tag="260" ind1=" " ind2=" ">
<subfield code="c">2019</subfield>
</datafield>
<datafield tag="520" ind1=" " ind2=" ">
<subfield code="a">Ocampo fue el primer autor en acometer una historia general de España en el siglo XVI. Su narración del pasado remoto de la Península influyó tanto en la historiografía moderna como en el imaginario colectivo, a pesar de lo cual fue tachado de charlatán por su tendencia a inventar fuentes y emplear falsarios. Sin embargo, si estudiamos al historiador como creador de un discurso histórico capaz de dar forma a la emergente nación a través de la invención de sus orígenes, siguiendo los modelos de la historiografía isocratea, heredera de la oratoria epidíctica clásica, podemos obtener una apreciación valiosa no sólo del esfuerzo de Ocampo, sino de los usos de la tradición clásica en el proceso de creación de las naciones modernas.</subfield>
</datafield>
<datafield tag="024" ind2=" " ind1="8">
<subfield code="a">Minerva. Revista de Filología Clásica; Núm. 32 (2019) pags. 115-135</subfield>
</datafield>
<datafield tag="024" ind2=" " ind1="8">
<subfield code="a">2530-6480</subfield>
</datafield>
<datafield tag="024" ind2=" " ind1="8">
<subfield code="a">http://uvadoc.uva.es/handle/10324/44751</subfield>
</datafield>
<datafield tag="024" ind2=" " ind1="8">
<subfield code="a">10.24197/mrfc.0.2019.115-135</subfield>
</datafield>
<datafield tag="024" ind2=" " ind1="8">
<subfield code="a">115</subfield>
</datafield>
<datafield tag="024" ind2=" " ind1="8">
<subfield code="a">32</subfield>
</datafield>
<datafield tag="024" ind2=" " ind1="8">
<subfield code="a">135</subfield>
</datafield>
<datafield ind1=" " ind2=" " tag="653">
<subfield code="a">Filología Clásica</subfield>
</datafield>
<datafield tag="245" ind1="0" ind2="0">
<subfield code="a">La 'Crónica General' de Florián de Ocampo y la invención retórica de la historia de España</subfield>
</datafield>
</record></metadata></record></GetRecord></OAI-PMH>